header

Keeping U.S. intelligence effective (Record no. 124281)

MARC details
000 -LEADER
fixed length control field 01484nam a2200349 a 4500
082 04 - DEWEY DECIMAL CLASSIFICATION NUMBER
Classification number 353.1/70973
100 1# - MAIN ENTRY--AUTHOR NAME
Personal name Lahneman, William J.,
245 10 - TITLE STATEMENT
Title Keeping U.S. intelligence effective
260 ## - PUBLICATION, DISTRIBUTION, ETC. (IMPRINT)
Place of publication Lanham, Md. :
Name of publisher Scarecrow Press,
Year of publication 2011.
300 ## - PHYSICAL DESCRIPTION
Number of Pages xxvi, 201 p. :
Other physical details ill.
490 1# - SERIES STATEMENT
Series statement Scarecrow professional intelligence education series ;
650 #0 - SUBJECT ADDED ENTRY--TOPICAL TERM
Topical Term Intelligence service
Topical Term Intelligence service
856 40 - ELECTRONIC LOCATION AND ACCESS
Uniform Resource Identifier http://site.ebrary.com/lib/rucke/Doc?id=10454814

No items available.

© 2026 Rongo University
Contact us: librarian | system librarian | Rongo university